000 00525nam a2200169Ia 4500
008 110201s9999 xx 000 0 und d
082 _bB9514
_aKS 1415
100 _aगजेंद्रगडकर मोनिका
245 _aभूप
260 _bमौज प्रकाशन गृह
365 _b150
600 _aगजेंद्रगडकर मोनिका
630 _aभूप
700 _aगजेंद्रगडकर मोनिका
730 _aभूप
942 _cBOOK
999 _c834949
_d834946